उर्दू कहानीकार : (Record no. 114444)
[ view plain ]
| 000 -LEADER | |
|---|---|
| fixed length control field | 01134nam a22002777a 4500 |
| 003 - CONTROL NUMBER IDENTIFIER | |
| control field | dpl |
| 005 - DATE AND TIME OF LATEST TRANSACTION | |
| control field | 20180831121547.0 |
| 008 - FIXED-LENGTH DATA ELEMENTS--GENERAL INFORMATION | |
| fixed length control field | 180830b xxu||||| |||| 00| 0 eng d |
| 010 ## - LIBRARY OF CONGRESS CONTROL NUMBER | |
| LC control number | A-756497 |
| 020 ## - INTERNATIONAL STANDARD BOOK NUMBER | |
| Terms of availability | 125.00 |
| 035 ## - SYSTEM CONTROL NUMBER | |
| System control number | A-756497, A-756516, A-756518 |
| 037 ## - SOURCE OF ACQUISITION | |
| Source of stock number/acquisition | Cen Lib/Ret |
| 040 ## - CATALOGING SOURCE | |
| Original cataloging agency | DPL |
| Language of cataloging | HN |
| Transcribing agency | 0 |
| 082 ## - DEWEY DECIMAL CLASSIFICATION NUMBER | |
| Classification number | क |
| Item number | नंदकि |
| 100 ## - MAIN ENTRY--PERSONAL NAME | |
| Personal name | नंद किशोर विक्रम |
| 9 (RLIN) | 47448 |
| 245 ## - TITLE STATEMENT | |
| Title | उर्दू कहानीकार : |
| Statement of responsibility, etc | नंद किशोर विक्रम |
| Remainder of title | हंसराज रहबर / |
| 246 ## - VARYING FORM OF TITLE | |
| Title proper/short title | Urdu kahanikar : Hansraj Rehbar / |
| Remainder of title | by Nand Kishore Vikram |
| 260 ## - PUBLICATION, DISTRIBUTION, ETC. (IMPRINT) | |
| Place of publication, distribution, etc | दिल्ली |
| Name of publisher, distributor, etc | इन्द्रप्रस्थ प्रकाशन |
| Date of publication, distribution, etc | 1996 |
| 270 ## - ADDRESS | |
| Address | के-71, कृष्णनगर |
| City | दिल्ली |
| Postal code | 110051 |
| 300 ## - PHYSICAL DESCRIPTION | |
| Extent | 151पृ. |
| Dimensions | 20सेमी (सजिल्द) |
| 650 ## - SUBJECT ADDED ENTRY--TOPICAL TERM | |
| Topical term or geographic name as entry element | हिन्दी -- साहित्य |
| 9 (RLIN) | 56858 |
| 650 ## - SUBJECT ADDED ENTRY--TOPICAL TERM | |
| Topical term or geographic name as entry element | हिन्दी -- कहानी |
| 9 (RLIN) | 779 |
| 650 ## - SUBJECT ADDED ENTRY--TOPICAL TERM | |
| Topical term or geographic name as entry element | Hindi -- Literature |
| 9 (RLIN) | 56859 |
| 650 ## - SUBJECT ADDED ENTRY--TOPICAL TERM | |
| Topical term or geographic name as entry element | Hindi -- story |
| 9 (RLIN) | 43117 |
| 942 ## - ADDED ENTRY ELEMENTS (KOHA) | |
| Source of classification or shelving scheme | Dewey Decimal Classification |
| Koha item type | Hindi Books |
| Classification part | क |
| Call number suffix | नंदकि |
| Withdrawn status | Lost status | Damaged status | Not for loan | Home library | Current library | Date acquired | Source of acquisition | Cost, normal purchase price | Total Checkouts | Full call number | Barcode | Date last seen | Copy number | Cost, replacement price | Price effective from | Koha item type | Public note | Date checked out | Source of classification or shelving scheme | Collection code |
|---|---|---|---|---|---|---|---|---|---|---|---|---|---|---|---|---|---|---|---|---|
| Written off | Central Library | Central Library | 17/08/2015 | Cen Lib/Ret | 125.00 | क नंदकि | A-756497 | 17/08/2015 | 1 | 125.00 | 17/08/2015 | Hindi Books | Written off on approval by DLB (By Circulation); dtd 20.12.2022 | |||||||
| Central Library | Central Library | 18/08/2015 | Cen Lib/Ret | 125.00 | 4 | क नंदकि | A-756496 | 28/02/2018 | 1 | 125.00 | 18/08/2015 | Hindi Books | 10/02/2018 | |||||||
| Shahdara Branch | Shahdara Branch | 30/08/2018 | BPPD/PUB | 125.00 | क नंदकि | A-756516 | 30/08/2018 | 125.00 | 30/08/2018 | Hindi Books | Dewey Decimal Classification | Fiction | ||||||||
| Shahdara Branch | Shahdara Branch | 31/08/2018 | BPPD/PUB | 125.00 | क नंदकि | A-756518 | 31/08/2018 | 125.00 | 31/08/2018 | Hindi Books | Dewey Decimal Classification | Fiction |
